Pennsylvania Universities - Map Quiz - Statistics

General Stats
  • This quiz has been taken 110 times
  • The average score is 7 of 11
Answers on the Map
Answers color-coded by a green-red scale on the quiz's map according to % correct below.
 
Answer Stats
Answer % Correct
Pennsylvania State University Erie
87%
University of Pennsylvania
87%
Pennsylvania State University
84%
Duquesne University
77%
Bucknell University
55%
Lafayette College
54%
Shippensburg University of Pennsylvania
54%
Slippery Rock University
49%
California University of Pennsylvania
45%
Mansfield University of Pennsylvania
43%
Saint Francis University
36%
No matching quizzes found
Score Distribution
Percent of People with Each Score
Percentile by Number Answered
Your Score History
You have not taken this quiz